000 00390nam a2200157Ia 4500
008 210210b1988 xxu||||| |||| 00| 0 eng d
020 _a0070994706
082 _a621.381 MORI
100 _aMORRIS (Noel).
245 _aIndustrial electronics.
260 _aNew Delhi.
_bT M H
_c1988
300 _axii,305
650 _aElectronics Industrial
690 _aElectronic
906 _a04248
999 _c92262
_d92262